| 000 -LEADER |
| fixed length control field |
00664cam a22002054a 4500 |
| 020 ## - INTERNATIONAL STANDARD BOOK NUMBER |
| ISBN |
9780896291881 (alk. paper) |
| 040 ## - CATALOGING SOURCE |
| Transcribing agency |
DLC |
| 082 00 - DEWEY DECIMAL CLASSIFICATION NUMBER |
| Classification number |
338 INT 2011 C153 Or. |
| 100 1# - MAIN ENTRY--AUTHOR NAME |
| Personal name |
Dillon, Andrew |
| 245 10 - TITLE STATEMENT |
| Title |
Estimating the impact of access to infrastructure and extension services in rural Nepal / |
| 260 ## - PUBLICATION, DISTRIBUTION, ETC. (IMPRINT) |
| Place of publication |
Washington, D.C. : |
| Name of publisher |
International Food Policy Research Institute, |
| Year of publication |
2011. |
| 300 ## - PHYSICAL DESCRIPTION |
| Number of Pages |
xi, 36 p. : |
| Other physical details |
ill., maps ; |
| Dimensions |
23 cm. |
| 490 1# - SERIES STATEMENT |
| Series statement |
IFPRI research monograph |
| 650 #0 - SUBJECT ADDED ENTRY--TOPICAL TERM |
| Topical Term |
Agriculture |
| 650 #0 - SUBJECT ADDED ENTRY--TOPICAL TERM |
| Topical Term |
Rural development |
| 650 #0 - SUBJECT ADDED ENTRY--TOPICAL TERM |
| Topical Term |
Infrastructure (Economics) |
| 700 1# - ADDED ENTRY--PERSONAL NAME |
| Personal name |
Sharma, Manohar. |
| 700 1# - ADDED ENTRY--PERSONAL NAME |
| Personal name |
Zhang, Xiaobo, |
| 942 ## - ADDED ENTRY ELEMENTS (KOHA) |
| Koha item type |
ADB |
| 952 ## - LOCATION AND ITEM INFORMATION (KOHA) |
| Withdrawn status [LOCAL, KOHA] |
0 |